000 00375nam a22001457a 4500
003 macl
005 20190628150039.0
008 190628b xxu||||| |||| 00| 0 eng d
040 _cmacl
100 _aBadlani , Hiro G
_975638
245 _aHinduism : Path of the Ancient Wisdom
260 _aNew Delhi
_bNew Age Books
_c2014
650 _aReligion
_975639
942 _2ddc
_cBK
999 _c60332
_d60332